Statistics for Position of European Countries on Map - Chain Game #3

Click here to take the quiz!

General Stats

  • This quiz has been taken 197 times
  • The average score is 14 of 15

Answers on the Map

Answers color-coded by a green-red scale on the quiz's map according to % correct below.
 

Answer Stats

Country% Correct
Poland
100%
Belgium
96%
Bulgaria
96%
Austria
94%
Czech Republic
93%
Portugal
93%
Serbia
93%
Spain
93%
Iceland
92%
Russia
92%
Greece
90%
Moldova
88%
Ireland
85%
Montenegro
81%
United Kingdom
81%

Score Distribution

Percentile by Number Answered

Percent of People with Each Score

Your Score History

You have not taken this quiz